| 000 | 00375nam a22001577a 4500 | ||
|---|---|---|---|
| 999 |
_c525148 _d525148 |
||
| 003 | NUST | ||
| 005 | 20190628071624.0 | ||
| 008 | 190628b ||||| |||| 00| 0 eng d | ||
| 038 | _aAzhar | ||
| 082 |
_a891.421 _bJAV |
||
| 100 | _4Mahar Mastan Ali Javed | ||
| 245 | _aChirian bol payan | ||
| 260 |
_aChakwal _bKashmir Book depot _c2007 |
||
| 300 | _a207p | ||
| 942 |
_2ddc _cBK |
||